La primera revolución socialista en América

Wedi'i Gadw mewn:
Manylion Llyfryddiaeth
Prif Awdur: Castro Ruz, Fidel
Fformat: Texto
Cyhoeddwyd: México, D.F.: Melo
Rhifyn:4
Tagiau: Ychwanegu Tag
Dim Tagiau, Byddwch y cyntaf i dagio'r cofnod hwn!

MARC

LEADER 00000 a a2200000 04500
001 22487
003
040 |a CRAI/IIS  |c CRAI/IIS 
020 |a 968-23-0358-3  
090 |a 153700  
100 |a Castro Ruz, Fidel  
245 |a La primera revolución socialista en América  
250 |a 4  
260 |a México, D.F.:   |b Melo  
300 |a 327 p.  
999 |c 11811  |d 11811